LEADER 02567oas 2200961 a 450 001 9910170259003321 005 20251106213014.0 011 $a1947-5446 035 $a(DE-599)ZDB2516755-8 035 $a(DE-599)2516755-8 035 $a(OCoLC)313355755 035 $a(CONSER) 2009202329 035 $a(CKB)1000000000709145 035 $a(EXLCZ)991000000000709145 100 $a20090309a20109999 sy a 101 0 $aeng 135 $aur||||||||||| 181 $ctxt$2rdacontent 182 $cc$2rdamedia 183 $acr$2rdacarrier 200 00$aAnnual review of chemical and biomolecular engineering 210 $aPalo Alto, Calif. $cAnnual Reviews$d2010- 215 $a1 online resource 300 $aRefereed/Peer-reviewed 311 08$a1947-5438 517 3 $aChemical and biomolecular engineering 531 0 $aAnnu. review chem. biomol. eng. 606 $aChemical engineering$vPeriodicals 606 $aBiochemical engineering$vPeriodicals 606 $aMolecular biology$vPeriodicals 606 $aChemical Engineering 606 $aMolecular Biology 606 $aGe?nie biochimique$vPe?riodiques 606 $aGe?nie chimique$vPe?riodiques 606 $aBiochemical engineering$2fast$3(OCoLC)fst00831936 606 $aChemical engineering$2fast$3(OCoLC)fst00852893 606 $aMolecular biology$2fast$3(OCoLC)fst01024734 608 $aPeriodicals.$2fast 615 0$aChemical engineering 615 0$aBiochemical engineering 615 0$aMolecular biology 615 12$aChemical Engineering. 615 12$aMolecular Biology. 615 6$aGe?nie biochimique 615 6$aGe?nie chimique 615 7$aBiochemical engineering. 615 7$aChemical engineering. 615 7$aMolecular biology. 676 $a660 801 0$bNSD 801 1$bNSD 801 2$bSTF 801 2$bMYG 801 2$bHUL 801 2$bDLC 801 2$bOCLCQ 801 2$bBUF 801 2$bOCLCF 801 2$bOCLCO 801 2$bOCLCQ 801 2$bPFM 801 2$bOCLCO 801 2$bOCLCA 801 2$bU3W 801 2$bOCLCO 801 2$bAU@ 801 2$bOCLCO 801 2$bWYU 801 2$bOCLCO 801 2$bAUD 801 2$bOCLCA 801 2$bVT2 801 2$bSFB 801 2$bBWN 801 2$bOCLCQ 801 2$bUAB 801 2$bOCLCL 801 2$bW2U 801 2$bOCLCQ 906 $aJOURNAL 912 $a9910170259003321 996 $aAnnual review of chemical and biomolecular engineering$92198518 997 $aUNINA